[Event "POL-chT 2nd League Juniors 2020"]
[Site "Sypniewo"]
[Date "2020.10.29"]
[Round "8.4"]
[White "Kaczmarek, Jan"]
[Black "Pycinski, Wladyslaw"]
[Result "1/2-1/2"]
[WhiteElo "1229"]
[BlackElo "1149"]
[Annotator "NA RC"]
[PlyCount "212"]
[EventDate "2020.10.23"]
[EventType "team-tourn"]
[EventCountry "POL"]
[SourceTitle "playchess.com"]
[Source "ChessBase"]
[SourceQuality "1"]
[TimeControl "5400+30"]

1. e4 c5 {[%emt 0:01:38]} 2. Nf3 {[%emt 0:00:00]} g6 {[%emt 0:01:14]} 3. d4 {[%emt 0:00:00]} cxd4 {[%emt 0:00:07]} 4. Qxd4 {[%emt 0:00:15]} Nf6 {[%emt 0:00:21]} 5. e5 {[%emt 0:00:59]} Nc6 {[%emt 0:00:24]} 6. Qa4 {[%emt 0:00:52]} Nd5 {[%emt 0:00:52]} 7. Bb5 {[%emt 0:00:53]} Bg7 {[%emt 0:03:44]} 8. O-O {[%emt 0:02:39]} O-O {[%emt 0:06:36]} 9. Qh4 Qc7 {[%emt 0:15:13]} 10. Bxc6 {[%emt 0:10:48]} dxc6 {[%emt 0:09:56]} 11. Bh6 {[%emt 0:11:42]} f6 {[%emt 0:07:47]} 12. Re1 {[%emt 0:16:48]} g5 {[%emt 0:06:21]} 13. Nxg5 {[%emt 0:10:45]} fxg5 {[%emt 0:01:00]} 14. Qxg5 {[%emt 0:01:59]} e6 {[%emt 0:00:14]} 15. Re4 {[%emt 0:05:54]} Qf7 {[%emt 0:04:28]} 16. Nd2 {[%emt 0:08:56]} Qg6 {[%emt 0:01:39]} 17. Rg4 {[%emt 0:05:45]} Qxg5 {[%emt 0:03:03]} 18. Rxg5 {[%emt 0:00:01]} Rf7 {[%emt 0:00:11]} 19. Ne4 {[%emt 0:01:44]} Kh8 {[%emt 0:05:36]} 20. Nd6 {[%emt 0:02:57]} Re7 {[%emt 0:00:45]} 21. Bxg7+ {[%emt 0:01:23]} Rxg7 {[%emt 0:00:24]} 22. Rxg7 {[%emt 0:00:03]} Kxg7 {[%emt 0:00:08]} 23. c3 {[%emt 0:02:53]} b6 {[%emt 0:09:28]} 24. Rd1 {[%emt 0:03:36]} Ba6 {[%emt 0:01:35]} 25. g3 {[%emt 0:00:56]} b5 {[%emt 0:05:43]} 26. Rd4 {[%emt 0:00:47]} h5 {[%emt 0:03:09]} 27. f3 {[%emt 0:01:49]} Kf8 {[%emt 0:04:26]} 28. Rh4 {[%emt 0:00:42]} Kg7 {[%emt 0:00:28]} 29. Rxh5 {[%emt 0:00:20]} Kg6 {[%emt 0:00:11]} 30. Rh4 {[%emt 0:00:43]} Ne3 {[%emt 0:00:20]} 31. Re4 {[%emt 0:00:45]} Nd5 {[%emt 0:01:50]} 32. Kf2 {[%emt 0:00:41]} Rf8 {[%emt 0:00:25]} 33. Rg4+ {[%emt 0:00:50]} Kh7 {[%emt 0:00:21]} 34. h4 {[%emt 0:00:41]} Bc8 {[%emt 0:00:23]} 35. h5 {[%emt 0:00:38]} Bd7 {[%emt 0:00:10]} 36. Rh4 {[%emt 0:00:16]} Kh6 {[%emt 0:00:17]} 37. c4 {[%emt 0:00:31]} Ne7 {[%emt 0:00:43]} 38. cxb5 {[%emt 0:00:37]} cxb5 {[%emt 0:00:05]} 39. Rh1 {[%emt 0:00:18]} Bc6 {[%emt 0:00:31]} 40. Rc1 {[%emt 0:01:09]} Rxf3+ {[%emt 0:00:13]} 41. Ke2 {[%emt 0:00:47]} Rxg3 {[%emt 0:00:14]} 42. Nc8 {[%emt 0:00:44]} Rg2+ {[%emt 0:01:12]} 43. Kd3 {[%emt 0:01:04]} Nxc8 {[%emt 0:01:39]} 44. Rxc6 {[%emt 0:00:04]} Nb6 45. Rxe6+ {[%emt 0:00:20]} Kxh5 {[%emt 0:00:14]} 46. Re7 {[%emt 0:00:31]} Rg5 {[%emt 0:00:31]} 47. e6 {[%emt 0:00:40]} Re5 {[%emt 0:00:14]} 48. Rxa7 {[%emt 0:00:38]} Rxe6 {[%emt 0:00:07]} 49. b3 {[%emt 0:00:34]} Rd6+ {[%emt 0:00:54]} 50. Ke4 {[%emt 0:00:27]} Nd7 {[%emt 0:00:46]} 51. a4 {[%emt 0:00:48]} Nc5+ {[%emt 0:00:30]} 52. Ke5 {[%emt 0:00:29]} Rd3 {[%emt 0:00:23]} 53. axb5 {[%emt 0:00:23]} Rxb3 {[%emt 0:00:11]} 54. Kd4 {[%emt 0:00:35]} Rxb5 {[%emt 0:01:18]} 55. Rh7+ {[%emt 0:00:12]} Kg6 {[%emt 0:00:11]} 56. Rh1 {[%emt 0:00:03]} Ne6+ {[%emt 0:00:06]} 57. Ke4 {[%emt 0:00:21]} Ng5+ {[%emt 0:00:09]} 58. Kd4 {[%emt 0:00:19]} Kf6 {[%emt 0:00:12]} 59. Rh6+ {[%emt 0:00:13]} Kf5 {[%emt 0:00:06]} 60. Kc4 {[%emt 0:00:21]} Rb1 {[%emt 0:00:18]} 61. Rh8 {[%emt 0:00:41]} Ke5 {[%emt 0:00:24]} 62. Rh5 {[%emt 0:00:12]} Kf4 {[%emt 0:00:10]} 63. Rh4+ {[%emt 0:00:09]} Ke3 {[%emt 0:00:07]} 64. Rh5 {[%emt 0:00:38]} Nf3 {[%emt 0:00:09]} 65. Rh8 {[%emt 0:00:43]} Ke4 {[%emt 0:00:10]} 66. Re8+ {[%emt 0:00:09]} Ne5+ {[%emt 0:00:04]} 67. Kc3 {[%emt 0:00:28]} Rd1 {[%emt 0:00:08]} 68. Kb4 {[%emt 0:00:20]} Rc1 {[%emt 0:00:08]} 69. Kb5 {[%emt 0:00:13]} Kd5 {[%emt 0:00:16]} 70. Rd8+ {[%emt 0:00:11]} Ke6 {[%emt 0:00:07]} 71. Rh8 {[%emt 0:00:38]} Kd7 {[%emt 0:00:18]} 72. Rh7+ {[%emt 0:00:11]} Kd6 {[%emt 0:00:06]} 73. Rh6+ {[%emt 0:00:22]} Kd5 {[%emt 0:00:05]} 74. Rh5 {[%emt 0:00:30]} Rb1+ {[%emt 0:00:08]} 75. Ka5 {[%emt 0:00:18]} Kd4 {[%emt 0:00:19]} 76. Rh4+ {[%emt 0:00:42]} Kc5 {[%emt 0:00:16]} 77. Ka4 {[%emt 0:00:16]} Nf3 {[%emt 0:00:17]} 78. Rh5+ {[%emt 0:00:17]} Kc4 {[%emt 0:00:07]} 79. Ka5 {[%emt 0:00:27]} Nd4 {[%emt 0:00:13]} 80. Rh4 {[%emt 0:00:23]} Kc5 {[%emt 0:00:27]} 81. Rh5+ {[%emt 0:00:10]} Kd6 {[%emt 0:00:22]} 82. Rh6+ {[%emt 0:00:10]} Ne6 {[%emt 0:00:08]} 83. Ka4 {[%emt 0:00:23]} Ke5 {[%emt 0:00:24]} 84. Rh5+ {[%emt 0:00:14]} Ke4 {[%emt 0:00:09]} 85. Rh4+ {[%emt 0:00:02]} Nf4 {[%emt 0:00:05]} 86. Ka5 {[%emt 0:00:19]} Kf5 {[%emt 0:00:22]} 87. Rh8 {[%emt 0:00:21]} Ke5 {[%emt 0:00:06]} 88. Re8+ {[%emt 0:00:09]} Ne6 {[%emt 0:00:05]} 89. Rh8 {[%emt 0:00:42]} Nc7 {[%emt 0:00:34]} 90. Rh5+ {[%emt 0:00:07]} Kd4 {[%emt 0:00:09]} 91. Rh4+ {[%emt 0:00:20]} Kc5 {[%emt 0:00:05]} 92. Rh5+ {[%emt 0:00:12]} Nd5 {[%emt 0:00:07]} 93. Ka4 {[%emt 0:00:17]} Kc6 {[%emt 0:00:20]} 94. Rh6+ {[%emt 0:00:11]} Kb7 {[%emt 0:00:17]} 95. Rh7+ {[%emt 0:00:05]} Ka6 {[%emt 0:00:22]} 96. Rh6+ {[%emt 0:00:29]} Nb6+ {[%emt 0:00:06]} 97. Ka3 {[%emt 0:00:06]} Kb5 {[%emt 0:00:18]} 98. Rh5+ {[%emt 0:00:06]} Kc4 {[%emt 0:00:23]} 99. Rh4+ {[%emt 0:00:18]} Kc5 {[%emt 0:00:05]} 100. Rh5+ {[%emt 0:00:16]} Nd5 {[%emt 0:00:06]} 101. Ka2 {[%emt 0:01:01]} Rb8 {[%emt 0:00:16]} 102. Ka3 {[%emt 0:00:19]} Kc4 {[%emt 0:00:45]} 103. Rh4+ {[%emt 0:00:14]} Kd3 {[%emt 0:00:09]} 104. Rh3+ {[%emt 0:00:14]} Ne3 {[%emt 0:00:04]} 105. Ka4 {[%emt 0:00:06]} Kc4 {[%emt 0:00:46]} 106. Rh4+ {[%emt 0:00:07]} Kc5 {[%emt 0:00:13]} 1/2-1/2

[Event "POL-chT 2nd League Juniors 2020"]
[Site "Sypniewo"]
[Date "2020.10.29"]
[Round "8.5"]
[White "Kudlak, Julia"]
[Black "Niemier, Martyna"]
[Result "1-0"]
[WhiteElo "1574"]
[BlackElo "1235"]
[Annotator "NA RC"]
[PlyCount "107"]
[EventDate "2020.10.23"]
[EventType "team-tourn"]
[EventCountry "POL"]
[SourceTitle "playchess.com"]
[Source "ChessBase"]
[SourceQuality "1"]
[TimeControl "5400+30"]

1. e4 {[%emt 0:00:11]} c5 {[%emt 0:00:00]} 2. Nf3 {[%emt 0:00:31]} a6 {[%emt 0:00:00]} 3. c3 {[%emt 0:06:36]} e6 {[%emt 0:00:25]} 4. d4 {[%emt 0:01:53]} d5 {[%emt 0:00:22]} 5. Nbd2 {[%emt 0:05:10]} Nc6 {[%emt 0:08:05]} 6. exd5 {[%emt 0:02:37]} exd5 7. dxc5 {[%emt 0:02:57]} Bxc5 {[%emt 0:02:30]} 8. Nb3 {[%emt 0:02:28]} Ba7 {[%emt 0:02:46]} 9. Bg5 {[%emt 0:06:42]} Nge7 {[%emt 0:07:04]} 10. g3 {[%emt 0:04:14]} O-O {[%emt 0:04:15]} 11. Bg2 {[%emt 0:02:39]} h6 {[%emt 0:01:36]} 12. Bxe7 {[%emt 0:04:47]} Qxe7+ {[%emt 0:06:14]} 13. Qe2 {[%emt 0:00:17]} Qxe2+ {[%emt 0:03:03]} 14. Kxe2 {[%emt 0:00:03]} Re8+ {[%emt 0:00:50]} 15. Kf1 {[%emt 0:05:20]} Bg4 {[%emt 0:06:06]} 16. h3 {[%emt 0:06:37]} Bf5 {[%emt 0:02:59]} 17. Rd1 {[%emt 0:01:59]} Rad8 {[%emt 0:01:01]} 18. Nfd4 {[%emt 0:02:30]} Nxd4 {[%emt 0:06:58]} 19. Nxd4 {[%emt 0:02:41]} Be4 {[%emt 0:06:19]} 20. f3 {[%emt 0:03:46]} Bg6 {[%emt 0:01:56]} 21. Kf2 {[%emt 0:02:11]} Re7 {[%emt 0:03:02]} 22. Rhe1 {[%emt 0:00:33]} Rde8 {[%emt 0:00:37]} 23. Rxe7 {[%emt 0:00:52]} Rxe7 {[%emt 0:00:15]} 24. Re1 {[%emt 0:02:07]} Bxd4+ {[%emt 0:07:02]} 25. cxd4 {[%emt 0:00:13]} Rxe1 {[%emt 0:00:05]} 26. Kxe1 {[%emt 0:00:13]} Kf8 {[%emt 0:00:16]} 27. f4 {[%emt 0:05:54]} Be4 {[%emt 0:08:44]} 28. Bxe4 {[%emt 0:00:24]} dxe4 {[%emt 0:00:03]} 29. f5 {[%emt 0:01:09]} Ke7 {[%emt 0:00:13]} 30. Ke2 {[%emt 0:00:40]} Kd6 {[%emt 0:00:24]} 31. Ke3 {[%emt 0:00:48]} Kd5 {[%emt 0:00:08]} 32. g4 {[%emt 0:01:08]} b6 {[%emt 0:06:33]} 33. a3 {[%emt 0:03:04]} b5 {[%emt 0:04:11]} 34. b4 {[%emt 0:01:00]} g6 {[%emt 0:03:24]} 35. fxg6 {[%emt 0:02:52]} fxg6 {[%emt 0:00:13]} 36. h4 {[%emt 0:00:07]} g5 {[%emt 0:01:34]} 37. h5 {[%emt 0:00:11]} Kc4 {[%emt 0:00:13]} 38. Kxe4 {[%emt 0:00:08]} Kb3 {[%emt 0:00:04]} 39. Kd5 {[%emt 0:03:24]} Kxa3 {[%emt 0:00:42]} 40. Kc5 {[%emt 0:00:08]} a5 {[%emt 0:01:01]} 41. bxa5 {[%emt 0:00:20]} b4 {[%emt 0:00:04]} 42. a6 {[%emt 0:00:06]} b3 {[%emt 0:00:03]} 43. a7 {[%emt 0:00:07]} b2 {[%emt 0:00:02]} 44. a8=Q+ {[%emt 0:00:14]} Kb3 {[%emt 0:00:53]} 45. Qb7+ {[%emt 0:00:43]} Kc2 {[%emt 0:00:08]} 46. d5 {[%emt 0:00:24]} b1=Q {[%emt 0:00:03]} 47. Qxb1+ {[%emt 0:00:09]} Kxb1 {[%emt 0:00:02]} 48. d6 {[%emt 0:00:11]} Ka1 {[%emt 0:00:22]} 49. d7 {[%emt 0:00:10]} Kb2 {[%emt 0:00:02]} 50. d8=Q {[%emt 0:00:13]} Ka1 {[%emt 0:00:02]} 51. Kb4 {[%emt 0:00:29]} Kb1 {[%emt 0:00:09]} 52. Kb3 {[%emt 0:01:22]} Kc1 {[%emt 0:00:16]} 53. Qd7 {[%emt 0:00:13]} Kb1 {[%emt 0:00:19]} 54. Qd1# {[%emt 0:00:07]} 1-0

[Event "POL-chT 2nd League Juniors 2020"]
[Site "Sypniewo"]
[Date "2020.10.29"]
[Round "8.5"]
[White "Wasala, Wiktoria"]
[Black "Lach, Alicja"]
[Result "1/2-1/2"]
[WhiteElo "1458"]
[BlackElo "1161"]
[Annotator "NA RC"]
[PlyCount "94"]
[EventDate "2020.10.23"]
[EventType "team-tourn"]
[EventCountry "POL"]
[SourceTitle "playchess.com"]
[Source "ChessBase"]
[SourceQuality "1"]
[TimeControl "5400+30"]

1. e4 {[%emt 0:00:00]} c5 {[%emt 0:00:00]} 2. Nc3 {[%emt 0:00:00]} Nc6 {[%emt 0:00:00]} 3. f4 {[%emt 0:00:00]} g6 {[%emt 0:00:00]} 4. Nf3 {[%emt 0:00:00]} Bg7 {[%emt 0:00:00]} 5. Be2 {[%emt 0:00:30]} e6 {[%emt 0:00:00]} 6. O-O {[%emt 0:00:34]} Nge7 {[%emt 0:00:00]} 7. d3 {[%emt 0:00:32]} d5 {[%emt 0:00:00]} 8. Kh1 {[%emt 0:09:20]} O-O {[%emt 0:01:02]} 9. Rb1 a6 {[%emt 0:05:36]} 10. Na4 {[%emt 0:16:59]} b6 {[%emt 0:02:41]} 11. b3 {[%emt 0:04:23]} Bd7 {[%emt 0:09:33]} 12. Bb2 {[%emt 0:00:59]} d4 {[%emt 0:11:31]} 13. c3 {[%emt 0:04:09]} dxc3 {[%emt 0:02:42]} 14. Bxc3 {[%emt 0:00:26]} Bxc3 {[%emt 0:01:12]} 15. Nxc3 {[%emt 0:00:05]} Nd4 {[%emt 0:01:59]} 16. Ne5 {[%emt 0:04:33]} f6 {[%emt 0:06:04]} 17. Nxd7 {[%emt 0:05:28]} Qxd7 {[%emt 0:00:12]} 18. Rc1 {[%emt 0:08:33]} Qc7 {[%emt 0:08:39]} 19. Bg4 {[%emt 0:09:32]} f5 {[%emt 0:02:11]} 20. exf5 {[%emt 0:00:12]} exf5 {[%emt 0:00:07]} 21. Bf3 {[%emt 0:00:11]} Rad8 {[%emt 0:01:49]} 22. Ne2 {[%emt 0:05:57]} Qd6 {[%emt 0:07:20]} 23. Nxd4 {[%emt 0:02:00]} Qxd4 {[%emt 0:00:41]} 24. Qe2 {[%emt 0:02:41]} Qd6 {[%emt 0:02:45]} 25. Rfe1 {[%emt 0:00:29]} Rd7 {[%emt 0:12:06]} 26. Rcd1 {[%emt 0:01:54]} Rf6 {[%emt 0:05:24]} 27. Qe3 {[%emt 0:03:39]} Nd5 {[%emt 0:02:43]} 28. Qe8+ {[%emt 0:03:09]} Kg7 {[%emt 0:01:04]} 29. Bxd5 {[%emt 0:01:20]} Qxd5 {[%emt 0:00:10]} 30. Re5 {[%emt 0:00:27]} Qd6 {[%emt 0:00:50]} 31. h3 {[%emt 0:01:20]} Qc7 {[%emt 0:01:45]} 32. Rde1 {[%emt 0:00:09]} Rff7 {[%emt 0:00:11]} 33. Qa8 {[%emt 0:02:13]} Rxd3 {[%emt 0:01:13]} 34. Qxa6 {[%emt 0:00:26]} Rd4 {[%emt 0:00:14]} 35. Re6 {[%emt 0:00:23]} Rb4 {[%emt 0:01:11]} 36. R1e5 {[%emt 0:05:41]} Rxf4 {[%emt 0:01:36]} 37. Qxb6 {[%emt 0:00:16]} Qxb6 {[%emt 0:00:39]} 38. Rxb6 {[%emt 0:00:05]} Rf2 {[%emt 0:02:02]} 39. a4 {[%emt 0:00:20]} Rd7 {[%emt 0:01:04]} 40. Re3 {[%emt 0:04:09]} Rdd2 {[%emt 0:01:49]} 41. Rg3 {[%emt 0:00:14]} f4 {[%emt 0:01:54]} 42. Rg4 {[%emt 0:01:12]} f3 {[%emt 0:00:24]} 43. Rb7+ {[%emt 0:00:04]} Kh6 {[%emt 0:00:09]} 44. Rh4+ {[%emt 0:00:16]} Kg5 {[%emt 0:00:15]} 45. Rg4+ {[%emt 0:00:09]} Kh6 {[%emt 0:00:24]} 46. Rh4+ {[%emt 0:01:00]} Kg5 {[%emt 0:00:09]} 47. Rg4+ {[%emt 0:00:01]} Kh6 {[%emt 0:00:21]} 1/2-1/2

[Event "POL-chT 2nd League Juniors 2020"]
[Site "Sypniewo"]
[Date "2020.10.29"]
[Round "8.6"]
[White "Lewicka, Joanna"]
[Black "Tim, Anna"]
[Result "0-1"]
[WhiteElo "1243"]
[BlackElo "1237"]
[Annotator "NA RC"]
[PlyCount "24"]
[EventDate "2020.10.23"]
[EventType "team-tourn"]
[EventCountry "POL"]
[SourceTitle "playchess.com"]
[Source "ChessBase"]
[SourceQuality "1"]
[TimeControl "5400+30"]

1. e4 c5 {[%emt 0:00:00]} 2. Nf3 {[%emt 0:00:00]} Nc6 {[%emt 0:00:00]} 3. d4 {[%emt 0:00:00]} cxd4 {[%emt 0:00:00]} 4. Nxd4 {[%emt 0:00:00]} e5 {[%emt 0:00:04]} 5. Nb5 {[%emt 0:00:24]} a6 {[%emt 0:00:14]} 6. Nd6+ {[%emt 0:02:06]} Bxd6 {[%emt 0:00:25]} 7. Qxd6 {[%emt 0:00:09]} Qe7 {[%emt 0:00:38]} 8. Qxe7+ {[%emt 0:02:35]} Ngxe7 {[%emt 0:00:11]} 9. Nc3 {[%emt 0:02:58]} d5 {[%emt 0:02:43]} 10. exd5 {[%emt 0:04:21]} Nb4 {[%emt 0:00:29]} 11. Bd3 {[%emt 0:02:06]} Nbxd5 {[%emt 0:01:39]} 12. Nxd5 {[%emt 0:00:14]} Nxd5 {[%emt 0:00:05]} 0-1

[Event "POL-chT 2nd League Juniors 2020"]
[Site "Sypniewo"]
[Date "2020.10.29"]
[Round "8.7"]
[White "Jedrusik, Adam"]
[Black "Gardian, Adam"]
[Result "1-0"]
[WhiteElo "1891"]
[BlackElo "1859"]
[Annotator "NA RC"]
[PlyCount "101"]
[EventDate "2020.10.23"]
[EventType "team-tourn"]
[EventCountry "POL"]
[SourceTitle "playchess.com"]
[Source "ChessBase"]
[SourceQuality "1"]
[TimeControl "5400+30"]

1. d4 {[%emt 0:00:00]} d5 {[%emt 0:00:00]} 2. Nf3 {[%emt 0:00:57]} Nf6 {[%emt 0:00:04]} 3. Bf4 {[%emt 0:02:09]} c5 {[%emt 0:00:27]} 4. e3 {[%emt 0:00:08]} Nc6 {[%emt 0:00:09]} 5. c3 {[%emt 0:00:05]} Qb6 {[%emt 0:00:18]} 6. Qb3 {[%emt 0:00:02]} c4 {[%emt 0:00:09]} 7. Qc2 {[%emt 0:00:01]} Bf5 {[%emt 0:00:44]} 8. Qc1 {[%emt 0:00:05]} Nh5 {[%emt 0:14:46] D02: 1 d4 d5 2 Nf3 sidelines, including 2...Nf6 3 g3 and 2...Nf6 3 Bf4.} 9. Bg3 Nxg3 {[%emt 0:06:47]} 10. hxg3 {[%emt 0:01:59]} h6 {[%emt 0:02:40]} 11. Nbd2 {[%emt 0:00:05]} e6 {[%emt 0:00:19]} 12. Be2 {[%emt 0:01:04]} Bd6 {[%emt 0:09:04]} 13. Bd1 {[%emt 0:00:32] [#]} Qa5 $146 {[%emt 0:01:38]} ({Predecessor:} 13... e5 14. dxe5 Bxe5 15. Ba4 Bf6 16. O-O O-O 17. Bc2 Be6 18. Nd4 Bg4 19. N2f3 Rfe8 {1-0 (50) Chernyshov,K (2480)-Lizak,P (2458) Marianske Lazne 2018}) 14. Bc2 {[%emt 0:03:37]} b5 {[%emt 0:01:06]} 15. e4 {[%emt 0:01:15]} Bh7 {[%emt 0:12:14]} 16. exd5 {[%emt 0:07:07]} exd5 {[%emt 0:01:47]} 17. Bxh7 {[%emt 0:00:04]} Rxh7 {[%emt 0:00:04]} 18. O-O {[%emt 0:00:18]} Kf8 {[%emt 0:04:19]} 19. Qc2 {[%emt 0:00:55]} g6 $1 {[%emt 0:00:24]} 20. Rae1 {[%emt 0:00:07]} Kg7 {[%emt 0:02:36]} 21. Ne5 {[%emt 0:03:41]} Ne7 {[%emt 0:00:12]} 22. f4 {[%emt 0:00:40]} h5 {[%emt 0:13:15] [#]} (22... Qd8 $14) 23. Nef3 $2 {[%emt 0:13:36]} (23. Ndf3 $1 $18) 23... Nf5 {[%emt 0:01:33]} 24. Nh4 $1 {[%emt 0:03:49]} Nxg3 {[%emt 0:00:40]} 25. Rf3 {[%emt 0:00:07]} Qd8 {[%emt 0:02:51]} 26. Nxg6 {[%emt 0:00:11]} fxg6 {[%emt 0:05:48]} 27. Rxg3 {[%emt 0:00:02]} Qf6 {[%emt 0:00:09]} 28. Rge3 {[%emt 0:04:31]} Qxf4 {[%emt 0:06:57]} 29. Nf3 {[%emt 0:00:05]} Rf8 {[%emt 0:01:52]} 30. Ne5 {[%emt 0:06:50]} Rf5 {[%emt 0:04:34]} 31. b3 {[%emt 0:13:01]} Kh6 {[%emt 0:02:48]} 32. bxc4 {[%emt 0:01:06]} bxc4 {[%emt 0:01:27]} 33. Rf3 {[%emt 0:00:36]} Qh4 {[%emt 0:00:41]} 34. Qd2+ {[%emt 0:06:43]} Qg5 {[%emt 0:01:15]} (34... Kg7 $11 {remains equal.}) 35. Qxg5+ {[%emt 0:02:23]} Kxg5 {[%emt 0:00:08]} 36. Rg3+ {[%emt 0:00:13]} Kf4 {[%emt 0:01:06]} 37. Rxg6 {[%emt 0:01:11]} Bxe5 {[%emt 0:00:27]} 38. g3+ {[%emt 0:02:47]} Kf3 {[%emt 0:00:53]} 39. dxe5 {[%emt 0:00:22]} Re7 {[%emt 0:01:18]} 40. e6 {[%emt 0:00:01]} d4 {[%emt 0:01:31]} 41. cxd4 {[%emt 0:00:03]} Rd5 {[%emt 0:00:05]} 42. Rf6+ {[%emt 0:00:27]} Kg4 {[%emt 0:00:44]} 43. Rf7 {[%emt 0:00:06]} Re8 {[%emt 0:01:09]} 44. e7 {[%emt 0:00:42]} Rd7 {[%emt 0:00:21] [#]} 45. d5 $1 {[%emt 0:02:23]} c3 {[%emt 0:00:36] [#]} 46. d6 $18 {[%emt 0:00:01]} c2 {[%emt 0:00:31]} 47. Rf8 {[%emt 0:00:06]} Rxd6 {[%emt 0:00:06]} 48. Rxe8 {[%emt 0:00:04]} Rd1 {[%emt 0:00:03]} 49. Rg8+ {[%emt 0:00:03]} Kf3 {[%emt 0:01:00]} 50. e8=Q {[%emt 0:00:03]} c1=Q {[%emt 0:00:05]} 51. Qf7+ {[%emt 0:00:08]} 1-0

[Event "POL-chT 2nd League Juniors 2020"]
[Site "Sypniewo"]
[Date "2020.10.29"]
[Round "8.8"]
[White "Kukula, Karol"]
[Black "Wojtasik, Szymon"]
[Result "1-0"]
[WhiteElo "1739"]
[BlackElo "1380"]
[Annotator "NA RC"]
[PlyCount "59"]
[EventDate "2020.10.23"]
[EventType "team-tourn"]
[EventCountry "POL"]
[SourceTitle "playchess.com"]
[Source "ChessBase"]
[SourceQuality "1"]
[TimeControl "5400+30"]

1. e4 {[%emt 0:00:00]} c5 {[%emt 0:00:00]} 2. Nf3 {[%emt 0:00:00]} Nc6 {[%emt 0:00:00]} 3. Bb5 {[%emt 0:00:00]} g6 {[%emt 0:00:00]} 4. O-O {[%emt 0:00:00]} Bg7 {[%emt 0:00:20]} 5. c3 {[%emt 0:00:00]} Nf6 {[%emt 0:00:48]} 6. Re1 {[%emt 0:00:08]} O-O {[%emt 0:00:47]} 7. d4 {[%emt 0:00:08]} d5 8. exd5 {[%emt 0:38:44]} Qxd5 {[%emt 0:24:50]} 9. c4 {[%emt 0:09:15]} Qd6 {[%emt 0:09:14]} 10. dxc5 {[%emt 0:05:08]} Qxc5 {[%emt 0:27:05]} 11. Be3 {[%emt 0:00:08]} Qh5 {[%emt 0:00:33]} 12. Bxc6 {[%emt 0:10:10]} bxc6 {[%emt 0:00:01]} 13. Bd4 {[%emt 0:00:13]} Rd8 {[%emt 0:21:01]} 14. Nbd2 {[%emt 0:02:45]} Bg4 {[%emt 0:07:47]} 15. Qc2 {[%emt 0:01:00]} Rd7 {[%emt 0:02:47]} 16. Bc3 {[%emt 0:22:48]} Qc5 {[%emt 0:01:40]} 17. Ne5 {[%emt 0:01:47]} Rb7 {[%emt 0:00:01]} 18. Nb3 {[%emt 0:01:24]} Qd6 {[%emt 0:01:16]} 19. c5 {[%emt 0:03:16]} Qd5 {[%emt 0:00:45]} 20. Nxg4 {[%emt 0:00:40]} Nxg4 {[%emt 0:00:02]} 21. Bxg7 {[%emt 0:00:09]} Kxg7 {[%emt 0:00:26]} 22. Qc3+ {[%emt 0:00:01]} Kg8 {[%emt 0:00:42]} 23. h3 {[%emt 0:00:08]} Nf6 {[%emt 0:00:19]} 24. Rad1 {[%emt 0:00:04]} Qf5 {[%emt 0:00:48]} 25. Nd4 {[%emt 0:02:14]} Qf4 {[%emt 0:00:36]} 26. Nxc6 {[%emt 0:00:50]} Qc7 {[%emt 0:00:38]} 27. Nxe7+ {[%emt 0:00:13]} Kg7 {[%emt 0:00:17]} 28. Rd6 {[%emt 0:00:35]} Re8 {[%emt 0:00:44]} 29. Qxf6+ {[%emt 0:00:29]} Kh6 {[%emt 0:00:02]} 30. Nf5+ {[%emt 0:00:12]} 1-0

[Event "POL-chT 2nd League Juniors 2020"]
[Site "Sypniewo"]
[Date "2020.10.29"]
[Round "8.8"]
[White "Kubica, Dominik"]
[Black "Dalkowski, Rafal"]
[Result "0-1"]
[WhiteElo "1577"]
[BlackElo "1871"]
[Annotator "NA RC"]
[PlyCount "94"]
[EventDate "2020.10.23"]
[EventType "team-tourn"]
[EventCountry "POL"]
[SourceTitle "playchess.com"]
[Source "ChessBase"]
[SourceQuality "1"]
[TimeControl "5400+30"]

{[%evp 22,94,35,48,32767,38,55,52,56,31,50,36,50,32767,32767,32767,32767,32767,32767,32767,32767,32767,32767,32767,32767,32767,32767,-26,-15,-96,-47,-131,-80,-75,32767,32767,-125,-157,-151,32767,32767,32767,-213,-214,32767,32767,32767,32767,32767,32767,-209,32767,32767,-754,-817,32767,32767,32767,32767,-932,-946,-957,-1375,-1287,-1349,-1483,-1884,-2445,-5600,-7565,-12838,-6203,-29985,-29986,-29987]} 1. e4 {[%emt 0:00:00]} c6 {[%emt 0:00:00]} 2. d4 {[%emt 0:00:00]} d5 {[%emt 0:00:00]} 3. Nc3 {[%emt 0:00:00]} dxe4 {[%emt 0:00:10]} 4. Nxe4 {[%emt 0:00:09]} Bf5 {[%emt 0:00:07]} 5. Ng3 {[%emt 0:00:14]} Bg6 {[%emt 0:00:05]} 6. Nh3 {[%emt 0:00:25]} e6 {[%emt 0:00:29]} 7. Nf4 {[%emt 0:01:02]} Qh4 {[%emt 0:00:57]} 8. Nxg6 {[%emt 0:13:47] B18: Classical Caro-Kann: 4...Bf5 sidelines.} hxg6 {[%emt 0:00:23]} 9. c3 {[%emt 0:06:52]} Bd6 10. Qf3 {[%emt 0:06:06]} Nf6 {[%emt 0:08:14]} 11. Ne2 {[%emt 0:10:32] [#]} Nd5 $146 {[%emt 0:11:04]} ({Predecessor:} 11... Qg4 12. Qxg4 Nxg4 13. h3 e5 14. dxe5 Nxe5 15. Ng3 Nbd7 16. Be3 Bc5 17. Bxc5 Nxc5 {0-1 (42) Orteu Capdevila,M (2147)-Latorre Lopez Moreira,L (2318) Barcelona 2016}) 12. g3 {[%emt 0:03:14]} Qe7 {[%emt 0:12:31]} 13. Bg2 {[%emt 0:03:57]} Nd7 {[%emt 0:04:06]} 14. O-O {[%emt 0:05:33]} O-O {[%emt 0:06:53]} 15. a3 {[%emt 0:05:27]} e5 {[%emt 0:04:56]} 16. c4 {[%emt 0:10:03]} N5f6 {[%emt 0:00:24]} 17. Bg5 {[%emt 0:08:05]} exd4 {[%emt 0:09:31]} 18. Nxd4 {[%emt 0:01:00]} Be5 {[%emt 0:01:57]} 19. Nc2 {[%emt 0:05:55]} Qc5 {[%emt 0:03:32]} 20. Qb3 {[%emt 0:02:54]} Nb6 {[%emt 0:03:09]} 21. Bxf6 {[%emt 0:01:18]} gxf6 {[%emt 0:01:27]} 22. Ne3 {[%emt 0:00:36]} Rad8 {[%emt 0:02:05]} 23. Rad1 {[%emt 0:03:41]} Rd4 {[%emt 0:01:05]} 24. Qc2 {[%emt 0:05:11]} a5 {[%emt 0:03:08]} 25. Rc1 {[%emt 0:05:42]} (25. Rb1 $11) 25... Rfd8 {[%emt 0:01:17]} 26. Rfd1 {[%emt 0:00:36]} (26. b4 $1 $15 axb4 27. axb4 Qxb4 28. c5) 26... Kg7 {[%emt 0:01:01]} 27. Bf1 {[%emt 0:00:29]} f5 {[%emt 0:01:32]} 28. a4 {[%emt 0:00:33]} R8d7 {[%emt 0:01:54]} 29. b3 {[%emt 0:00:19]} f4 {[%emt 0:00:21]} 30. Ng2 {[%emt 0:00:41]} fxg3 {[%emt 0:01:05]} 31. hxg3 {[%emt 0:00:06] [#]} Bxg3 $1 {[%emt 0:01:24]} 32. Rxd4 {[%emt 0:00:52]} Qxd4 {[%emt 0:00:38]} 33. Ne3 {[%emt 0:00:39]} Be5 {[%emt 0:00:31]} 34. Rd1 {[%emt 0:00:22]} Qf4 {[%emt 0:00:08]} 35. Bg2 {[%emt 0:00:21]} Bd4 {[%emt 0:00:48]} 36. Qe2 {[%emt 0:00:38]} Bxe3 {[%emt 0:00:47]} 37. Rxd7 {[%emt 0:00:20] [#]} (37. fxe3 $142 Rxd1+ {[%mdl 64] Overworked Piece} 38. Qxd1 Qxe3+ 39. Kf1) 37... Bxf2+ $1 {[%emt 0:00:18]} 38. Qxf2 {[%emt 0:00:09]} Qxf2+ {[%emt 0:00:05]} 39. Kxf2 {[%emt 0:00:07]} Nxd7 {[%emt 0:00:03]} 40. Bf3 {[%emt 0:00:16]} Kf6 {[%emt 0:00:24]} 41. Kg3 {[%emt 0:00:14]} Ke5 {[%emt 0:00:12]} 42. Kg4 {[%emt 0:00:17]} Nc5 {[%emt 0:00:38]} 43. Bd1 {[%emt 0:00:10]} Ne4 {[%emt 0:00:24]} 44. Bc2 {[%emt 0:00:21]} f5+ {[%emt 0:00:25]} 45. Kf3 {[%emt 0:00:15]} g5 {[%emt 0:00:26]} 46. Ke3 {[%emt 0:00:22]} g4 {[%emt 0:00:17]} 47. Bd1 {[%emt 0:00:15]} f4+ {[%emt 0:00:11]} 0-1